Յերեխաների վորդնային հիվանդությունները յեվ նրանց դեմ պայքարելու միջոցառումները / (Record no. 459037)
[ view plain ]
| 000 -LEADER | |
|---|---|
| fixed length control field | 01219nam a2200241 a 4500 |
| 003 - CONTROL NUMBER IDENTIFIER | |
| control field | AM-YEHGA |
| 040 ## - CATALOGING SOURCE | |
| Original cataloging agency | AM-YeHGA |
| 090 ## - LOCALLY ASSIGNED LC-TYPE CALL NUMBER (OCLC); LOCAL CALL NUMBER (RLIN) | |
| -- | 462106 |
| 001 - CONTROL NUMBER | |
| control field | 000564516 |
| 005 - DATE AND TIME OF LATEST TRANSACTION | |
| control field | 20250617160721.0 |
| 008 - FIXED-LENGTH DATA ELEMENTS--GENERAL INFORMATION | |
| fixed length control field | 080123s1935 ai | |||||||||||||arm|d |
| 041 1# - LANGUAGE CODE | |
| Language code of text/sound track or separate title | arm |
| 100 1# - MAIN ENTRY--PERSONAL NAME | |
| Personal name | Պիվովարովա, Յե.Դ. |
| 245 10 - TITLE STATEMENT | |
| Title | Յերեխաների վորդնային հիվանդությունները յեվ նրանց դեմ պայքարելու միջոցառումները / |
| Statement of responsibility, etc. | ՅԵ. Դ. Պիվովարովա; Խմբ.՝ Ի. Յա. Սերեբրիյսկի; Թարգմ.՝ Հ. Բողդանյան; ՄՄՊ Ազով-Ս.ծովյան յերկր. ին-տ. |
| 260 ## - PUBLICATION, DISTRIBUTION, ETC. | |
| Place of publication, distribution, etc. | Ռոստով-Դոն : |
| Name of publisher, distributor, etc. | Ազով-Սևծովյան յերկրային հրատ., |
| Date of publication, distribution, etc. | 1935. |
| 300 ## - PHYSICAL DESCRIPTION | |
| Extent | 78 էջ : |
| Other physical details | նկ. ; |
| Dimensions | 14 սմ. |
| 440 #0 - SERIES STATEMENT/ADDED ENTRY--TITLE | |
| Title | Արշավ առողջ կյանքի համար |
| 650 14 - SUBJECT ADDED ENTRY--TOPICAL TERM | |
| Topical term or geographic name entry element | Աղիքային հիվանդություններ |
| General subdivision | Ճիճու |
| 700 1# - ADDED ENTRY--PERSONAL NAME | |
| Personal name | Սերեբրիյսկի, Ի.Յա. |
| Relator term | խմբ. |
| Relationship | edt |
| 700 1# - ADDED ENTRY--PERSONAL NAME | |
| Personal name | Բողդանյան, Հ. |
| Relator term | թարգմ. |
| Relationship | trl |
| 710 2# - ADDED ENTRY--CORPORATE NAME | |
| Corporate name or jurisdiction name as entry element | Մայրության յեվ մանկության պահպանության Ազով-Սևծովյան յերկրային ինստիտուտ |
| 942 ## - ADDED ENTRY ELEMENTS (KOHA) | |
| Source of classification or shelving scheme | Universal Decimal Classification |
| Koha item type | Գրքեր / Books |
| Withdrawn status | Lost status | Damaged status | Not for loan | Collection | Home library | Current library | Date acquired | Total checkouts | Full call number | Barcode | Date last seen | Price effective from | Koha item type | Public note |
|---|---|---|---|---|---|---|---|---|---|---|---|---|---|---|
| Kusikian Individual Collection | Fundamental Scientific Library | Fundamental Scientific Library | 10/03/2021 | Կուս/2352 | FL0638565 | 10/03/2021 | 10/03/2021 | Գրքեր / Books | ILL Non Circ |
ՀՀ Գիտությունների ազգային ակադեմիայի հիմնարար գիտական գրադարան = Fundamental Scientific Library of NAS RA
All site content, except where otherwise noted, is licensed under a